000 00395nam a2200145 4500
001 123267
003 ES-MaACL
007 t|
008 070214s1913 gw r ||||0| spa d
100 1 _aQuesada y Miranda, Gonzalo de.
_994574
245 1 3 _aLa patria alemana /
_cpor Gonzalo de Quesada.
260 _aLeipzig :
_bJ.J. Weber,
_c1913.
300 _a382 p ;
_c30 cm.
852 _aES-MaACL
_jG-1639
999 _c123267
_d123267